Normal view
MARC view
- Fisher J.B
Entry Personal Name
001 - CONTROL NUMBER
- control field: 173798
003 - CONTROL NUMBER IDENTIFIER
- control field: OSt
005 - DATE AND TIME OF LATEST TRANSACTION
- control field: 20230313130927.0
008 - FIXED-LENGTH DATA ELEMENTS
- fixed length control field: 230313|| aca||aabn | a|a d
040 ## - CATALOGING SOURCE
- Original cataloging agency: OSt
- Transcribing agency: OSt
100 ## - HEADING--PERSONAL NAME
- Personal name: Fisher J.B
670 ## - SOURCE DATA FOUND
- Source citation: Work cat.: (OSt)133614: Fisher J.B., When Money Was In Fashion, 2010